<?xml version="1.0" encoding="UTF-8"?>
<record
    xmlns:xsi="http://www.w3.org/2001/XMLSchema-instance"
    xsi:schemaLocation="http://www.loc.gov/MARC21/slim http://www.loc.gov/standards/marcxml/schema/MARC21slim.xsd"
    xmlns="http://www.loc.gov/MARC21/slim">

  <leader>01936nam a22002894a 4500</leader>
  <controlfield tag="003">BOLpUSFA</controlfield>
  <controlfield tag="005">20260407143709.0</controlfield>
  <controlfield tag="008">      t        bo     grm    001 | spa||</controlfield>
  <datafield tag="040" ind1=" " ind2=" ">
    <subfield code="a">BOLpUSFA</subfield>
  </datafield>
  <datafield tag="041" ind1=" " ind2=" ">
    <subfield code="a">spa</subfield>
  </datafield>
  <datafield tag="044" ind1=" " ind2=" ">
    <subfield code="a">BO</subfield>
  </datafield>
  <datafield tag="082" ind1=" " ind2=" ">
    <subfield code="a">ICO0043</subfield>
    <subfield code="b">H641pPG</subfield>
  </datafield>
  <datafield tag="100" ind1=" " ind2=" ">
    <subfield code="a">Hilaquita Herrera, Leny Andrea</subfield>
  </datafield>
  <datafield tag="245" ind1=" " ind2=" ">
    <subfield code="a">Plan estrat&#xE9;gico de marketing tradicional para el posicionamiento de la Empresa Cascaritas en la ciudad de La Paz.</subfield>
  </datafield>
  <datafield tag="260" ind1=" " ind2=" ">
    <subfield code="a">El Alto: </subfield>
    <subfield code="b">Universidad Privada San Francisco de As&#xED;s. Carrera de Ingenier&#xED;a Comercial, </subfield>
    <subfield code="c">2025 </subfield>
  </datafield>
  <datafield tag="300" ind1=" " ind2=" ">
    <subfield code="a">130 p.</subfield>
  </datafield>
  <datafield tag="502" ind1=" " ind2=" ">
    <subfield code="a">Modalidad: Proyecto de Grado - 
Tutora: Lic. Melody Mariel Vicente Canaviri</subfield>
  </datafield>
  <datafield tag="520" ind1=" " ind2=" ">
    <subfield code="a">Adriana  Artunduaga  Rojas,  Gerente  General  busca  posicionar  a  la  empresa 
Cascaritas es un envoltorio a base de tela de algod&#xF3;n y cera de abeja una alternativa 
sustentable,  este  producto  elaborado  localmente  donde  los  envoltorios  deben 
garantizar tanto la conservaci&#xF3;n de los alimentos como una impresi&#xF3;n positiva en los 
consumidores, para abordar este desaf&#xED;o, se emplear&#xE1; un enfoque inductivo con un 
dise&#xF1;o  no  experimental  a  un  plazo  de  seis  meses,  se  investigar&#xE1;  la  necesidad  de 
soluciones de posicionamiento revisando la literatura sobre el marketing tradicional, 
haciendo  un  estudio  preventivo  con  la  eficacia  de  las  estrategias  de  marketing, 
recopilando  datos  mediante  encuestas  y  entrevista.  Los  an&#xE1;lisis  de  estos  datos 
permitir&#xE1;n desarrollar recomendaciones, con el objetivo de mejorar la aceptaci&#xF3;n y el 
posicionamiento de la empresa Cascaritas en la ciudad de la ciudad de La Paz. 
</subfield>
  </datafield>
  <datafield tag="650" ind1=" " ind2=" ">
    <subfield code="a">Ingenier&#xED;a Comercial</subfield>
  </datafield>
  <datafield tag="650" ind1=" " ind2=" ">
    <subfield code="a">Proyecto de Grado</subfield>
  </datafield>
  <datafield tag="650" ind1=" " ind2=" ">
    <subfield code="a">Marketing tradicional</subfield>
  </datafield>
  <datafield tag="650" ind1=" " ind2=" ">
    <subfield code="a">Plan estrat&#xE9;gico</subfield>
  </datafield>
  <datafield tag="650" ind1=" " ind2=" ">
    <subfield code="a">Envoltorios de algod&#xF3;n</subfield>
  </datafield>
  <datafield tag="650" ind1=" " ind2=" ">
    <subfield code="a">Impacto ambiental</subfield>
  </datafield>
  <datafield tag="650" ind1=" " ind2=" ">
    <subfield code="a">Productos sustentables</subfield>
  </datafield>
  <datafield tag="942" ind1=" " ind2=" ">
    <subfield code="2">ddc</subfield>
    <subfield code="c">TE</subfield>
    <subfield code="z">LLO</subfield>
  </datafield>
  <datafield tag="999" ind1=" " ind2=" ">
    <subfield code="c">9679</subfield>
    <subfield code="d">9679</subfield>
  </datafield>
  <datafield tag="952" ind1=" " ind2=" ">
    <subfield code="0">0</subfield>
    <subfield code="1">0</subfield>
    <subfield code="2">ddc</subfield>
    <subfield code="4">0</subfield>
    <subfield code="7">0</subfield>
    <subfield code="8">2</subfield>
    <subfield code="a">BEA</subfield>
    <subfield code="b">BEA</subfield>
    <subfield code="c">3</subfield>
    <subfield code="d">2026-03-25</subfield>
    <subfield code="e">4</subfield>
    <subfield code="l">0</subfield>
    <subfield code="o">ICO0043 H641pPG</subfield>
    <subfield code="p">BEA01527</subfield>
    <subfield code="r">2026-03-25</subfield>
    <subfield code="w">2026-03-25</subfield>
    <subfield code="y">TE</subfield>
  </datafield>
</record>
